000 02298 am a2200349 4500
001 200441957
003 TR-AnTOB
005 20240820135227.0
007 ta
008 090717b2020 tu d 001 0 tur d
020 _a9786056972393
040 _aTR-AnU
_beng
_erda
_cTR-AnU
_dTR-AnTOB
041 _atur
060 _aWA 540
096 _aWA540
_bÖ534 2020
100 1 _aÖnder, Nagihan
_9131393
_eauthor
245 0 0 _aGeçici korunanlara yönelik sağlık politikaları analizi (2011-2019) /
_cNagihan Önder.
264 1 _aAnkara :
_bTürk İdari Araştırmalar Vakfı,
_c2020.
300 _a225 pages :
_btables ;
_c20 cm.
336 _atext
_btxt
_2rdacontent
337 _aunmediated
_bn
_2rdamedia
338 _avolume
_bnc
_2rdacarrier
440 _aİçişleri Kitaplığı dizisi ;
490 0 _aİçişleri Kitaplığı dizisi ;
_v7
520 _aGöç olgusu farkli türevleriyle oldukça dinamik bir süreçtir. "Her insan bir göç, her göç bir insan" deyisinde oldugu gibi, göç eden kisi sayisi ve o kisilerin göç sürecindeki deneyimleri kadar farkli göç hikâyeleri ve farkli insan profilleriyle sekillenen topluluklar üzerinden dünyada bir mozaik olusmaktadir. Nitekim göç olgusu, göç kararinin alinmasi, göç süreci ve göç sonrasinda birey ve toplum üzerinde sürekli degisimi içinde barindirmaktadir. Her gün degisiklik gösteren ve dönemsel olarak yeniden yapilandirilan kamu politikalariyla da göç edenlere yönelik yeni hizmet alanlari olusturulmaktadir. Çalismanin amaci 2011-2019 yillari arasinda Türkiye'de geçici koruma saglanan Suriyelilere yönelik gelistirilen saglik politikalarinin, kamu politikasi analizi türlerinden süreç modeli ile her açidan masaya yatirarak analizini yapmaktir. Bu kapsamda süreç modeline uygun olarak, sürecin ilk anindan itibaren saglik hizmetlerine olan ihtiyacin belirlenerek problemlerin tanimlanmasi, politikalarin gündeme gelmesi, formüle edilmesi, yasalastirilmasi, uygulanmasi ve hem politika uygulayici hem de politikalardan faydalanan taraflariyla politikalarin degerlendirilmesi hedeflenmistir.
650 2 _aHealth Policy
_9108556
650 2 _aDelivery of Health Care
_964062
651 0 _aTurkey
_9119714
942 _2NLM
_cBK
999 _c200441957
_d60169